Carte vierge de la france - Statistiques

Statistiques générales
  • Ce quiz a été pris 108 fois
  • Le résultat moyen est 18 sur 19
Statistiques - réponses
regions regions % Correct
Lorraine 6
100%
alsace 1
98%
Picardie 2
98%
Corse 2
98%
Limousin 7
98%
Languedoc-Rousillon 8
98%
Pays de la loire 3
96%
Centre 3
96%
Nord-Pas-de-Calais 4
96%
Basse Normandie 4
96%
Auvergne 4
96%
Midi-Pyrénées 5
96%
Champagne ardenne 5
96%
Bretagne 5
96%
Bourgogne 5
96%
Aquitaine 5
96%
Franche-Comté 11
95%
Ile-de-France 9
94%
Haute Normandie 10
93%
Aucun quiz correspondant
Distribution des résultats
% des personnes avec chaque résultat
Percentile par nombre de réponses
Votre historique - résultats
Vous n’avez pas pris ce quiz